[Event "Valasska Bystrice Open"]
[Site "?"]
[Date "2011.09.17"]
[Round "9.38"]
[White "Doskar, Miloslav"]
[Black "Glacner, Karel"]
[Result "1/2-1/2"]
[WhiteElo "1757"]
[BlackElo "1669"]
[PlyCount "124"]
[EventDate "2011.09.10"]

1. d4 Nf6 2. c4 g6 3. Nc3 c6 4. Nf3 d5 5. c5 b6 6. b4 Ba6 7. g3 Bg7 8. Bg2 Bc4
9. Rb1 b5 10. Nd2 O-O 11. Nxc4 dxc4 12. e3 e6 13. Nxb5 Nd5 14. Bxd5 Qxd5 15.
Nc7 Qxh1+ 16. Ke2 Qxd1+ 17. Kxd1 Nd7 18. Nxa8 Rxa8 19. Kd2 e5 20. Kc3 Rb8 21.
Kxc4 Bf6 22. a4 a6 23. Bb2 e4 24. Bc3 Bd8 25. b5 a5 26. b6 Bxb6 27. cxb6 Nxb6+
28. Rxb6 Rxb6 29. Bxa5 Ra6 30. Kb4 Kf8 31. Bc7 Ke7 32. a5 Kd7 33. Bb6 Kd6 34.
Bc5+ Kc7 35. Bb6+ Kb7 36. Kc4 Ra8 37. Kc5 Re8 38. g4 g5 39. h3 Re6 40. Bd8 Rg6
41. d5 cxd5 42. Kxd5 Kc8 43. Be7 Kd7 44. Bc5 Re6 45. Bb6 Kc8 46. Kc5 Kb7 47.
Kd5 Ka6 48. Bd8 h6 49. Bb6 Rf6 50. Kxe4 Rxf2 51. Bc7 Rf1 52. Ke5 Rf3 53. e4
Rxh3 54. Kf6 Rf3+ 55. Kg7 Rf4 56. Kxh6 Rxg4 57. Kh5 Rg2 58. e5 Kb7 59. Bb6 g4
60. Kh4 Re2 61. Kxg4 Rxe5 62. Kf4 Rb5 1/2-1/2

[Event "Valasska Bystrice Open"]
[Site "?"]
[Date "2011.09.17"]
[Round "9.39"]
[White "Vlachopulos, Elefteris"]
[Black "Kolibik, Jan"]
[Result "1-0"]
[WhiteElo "1735"]
[BlackElo "1684"]
[PlyCount "57"]
[EventDate "2011.09.10"]

1. d4 d5 2. Nf3 Nf6 3. c4 e6 4. Bf4 c6 5. Nc3 Nbd7 6. e3 Be7 7. Bd3 dxc4 8.
Bxc4 b5 9. Bd3 Bb7 10. O-O a6 11. e4 O-O 12. e5 Nd5 13. Bg3 Re8 14. Rc1 Nf8 15.
Ne4 h6 16. a3 Nd7 17. Bb1 g6 18. Qd2 Kg7 19. Ne1 Rc8 20. Nd3 Qb6 21. Ndc5 Nxc5
22. dxc5 Qd8 23. Nd6 Bxd6 24. exd6 e5 25. Rfe1 f6 26. Qd3 Ne7 27. d7 Nf5 28.
dxe8=Q Qxe8 29. Red1 1-0